Λουκιανός άπαντα
Saved in:
| Main Author: | |
|---|---|
| Format: | Book |
| Language: | Greek Ancient Greek |
| Published: |
Αθήνα :
Κάκτος,
1994
|
| Series: | Έλληνες (Κάκτος)
; 257-273 |
| Subjects: | |
| Tags: |
Add Tag
No Tags, Be the first to tag this record!
|
MARC
| LEADER | 00000nam a2200000 i 4500 | ||
|---|---|---|---|
| 001 | 1/14963 | ||
| 008 | 001220s1994 gre d | ||
| 020 | |a 960-352-025-X (τ.6) | ||
| 020 | |a 960-352-024-1 (τ.7) | ||
| 020 | |a 960-352-023-3 (τ.8) | ||
| 020 | |a 960-352-022-5 (τ.9) | ||
| 020 | |a 960-352-021-7 (τ.10) | ||
| 020 | |a 960-352-026-8 (τ.11) | ||
| 020 | |a 960-352-020-9 (τ.12) | ||
| 020 | |a 960-352-017-9 (τ.13) | ||
| 020 | |a 960-352-018-7 (τ.14) | ||
| 020 | |a 960-352-019-5 (τ.15) | ||
| 035 | |l 10065205 | ||
| 040 | |a GR-MY-UA |b gre |e aacr | ||
| 041 | 0 | |a gre |a grc | |
| 082 | 0 | |a 883.4 | |
| 100 | 0 | |a Λουκιανός ο Σαμοσατεύς, |d π. 120-π. 190. | |
| 245 | 1 | 0 | |a Λουκιανός άπαντα / |c Λουκιανός ; εισαγωγή-μετάφραση-σχόλια Φιλολογική Ομάδα Κάκτου |
| 260 | |a Αθήνα : |b Κάκτος, |c 1994 | ||
| 300 | |a 17 τ. | ||
| 490 | 1 | |a Οι Έλληνες |v ; 257-273 | |
| 505 | 0 | |a Τόμος πρώτος: Φάλαρις Α,Β-Ιππίας ή Βαλάνειον-Διόνυσος-Ηρακλής-Περί του ηλέκτρου ή των κύκνων-Μυίας εγκώμιον-Περί του οίκου-Πατρίδος εγκώμιον-Περί του ενυπνίου ήτοι Βίος Λουκιανού-Τυραννοκτόνος-ΑποκηρυττόμενοςΤόμος δεύτερος: Ηρόδοτος ή Αετίων-Ζεύξις ή Αντίοχος-Αρμονίδης-Σκύθης ή Πρόξενος-Δίκη συμφώνων-Υπέρ του εν τη προσαγορεύσει πταίσματος-Περί των διψάδων-Περί του μη ραδίως πιστεύειν διαβολή-Περί της αστρολογίης-Περί θυσιών-Περί πένθους-Περί της Συρίης θεού-Προς τον ειπόντα, Προμηθεύς ει εν λόγοιςΤόμος τρίτος: Δημώνακτος βίος-Νιγρίνος-Συμπόσιον ή Λαπίθαι-Βίων πράσιςΤόμος τέταρτος: Αναβιούντες ή Αλιεύς-Περί παρασίτου ότι τέχνη η παρασιτική-Ψευδοσοφιστής ή ΣολοικιστήςΤόμος πέμπτος: Ανάχαρσις ή Περί γυμνασίων-Τόξαρις ή Φιλία-Εικόνες-Υπέρ των εικόνωνΤόμος έκτος: Ερμότιμος ή Περί αιρέσεων-Λεξιφάνης-ΕυνούχοςΤόμος έβδομος: Κατάπλους ή Τύραννος-Ζεύς Ελεγχόμενος-Ζεύς Τραγωδός-Θεών κρίσις-Θεών εκκλησίαΤόμος όγδοος: Τα προς Κρόνον-Όνειρος ή Αλεκτρυών-Προμηθεύς-Διάλογος προς Ησίοδον-ΠοδάγραΤόμος ένατος: Μένιππος ή Νεκυιομαντεία-Τίμων ή Μισάνθρωπος-Χάρων ή Επισκοπούντες-ΔραπέταιΤόμος δέκατος: Δις κατηγορούμενος-Φιλοψευδής ή Απιστών-Περί ορχήσεωςΤόμος ενδέκατος: Θεών Διάλογοι-Ενάλιοι ΔιάλογοιΤόμος δωδέκατος: Νεκρικοί Διάλογοι-Εταιρικοί ΔιάλογοιΤόμος δέκατος τρίτος: Ικαρομένιππος ή Υπερνέφελος-Αληθών διηγημάτων Α,ΒΤόμος δέκατος τέταρτος: Προς τον απαίδευτον και πολλά βιβλία ωνούμενον-Περί των επί μισθώ συνόντων-Απολογία-Μακρόβιοι-Αλέξανδρος ή ΨευδόμαντιςΤόμος δέκατος πέμπτος: Περί της Περεγρίνου τελευτής-Πως δει ιστορίαν συγγράφειν-Ρητόρων διδάσκαλος-Ωευδολογιστής ή Περί της αποφράδοςΤόμος δέκατος έκτος: Λούκιος ή Όνος-Κυνικός-Φιλόπατρις ή Διδασκόμενος-Επιγράμματα-Νέρων-ΕπιστολαίΤόμος δέκατος έβδομος: Έρωτες-Αλκυών ή Περί μεταμορφώσεων-Δημοσθένους εγκώμιον-Χαρίδημος ή Περί κάλλους | |
| 600 | 0 | 0 | |a Λουκιανός ο Σαμοσατεύς, |d π. 120-π. 190. |
| 650 | 0 | 0 | |a Satire, Greek. |
| 830 | 0 | |a Έλληνες (Κάκτος) |v ; 257-273 | |
| 852 | |a INST |b LESVOS |e 20001220 |h 883.4 ΛΟΥ |p 005100029362 |q 005100029362 |t BK |y 0 |z τ.13 | ||
| 852 | |a INST |b LESVOS |e 20001220 |h 883.4 ΛΟΥ |p 005100029363 |q 005100029363 |t BK |y 0 |z τ.14 | ||
| 852 | |a INST |b LESVOS |e 20001220 |h 883.4 ΛΟΥ |p 005100029364 |q 005100029364 |t BK |y 0 |z τ.15 | ||
| 852 | |a INST |b LESVOS |e 20001220 |h 883.4 ΛΟΥ |p 005100029365 |q 005100029365 |t BK |y 0 |z τ.16 | ||
| 852 | |a INST |b LESVOS |e 20001220 |h 883.4 ΛΟΥ |p 005100029366 |q 005100029366 |t BK |y 0 |z τ.17 | ||
| 852 | |a INST |b LESVOS |e 20001220 |h 883.4 ΛΟΥ |p 005100029373 |q 005100029373 |t BK |y 0 |z τ.2 | ||
| 852 | |a INST |b LESVOS |e 20001220 |h 883.4 ΛΟΥ |p 005100029374 |q 005100029374 |t BK |y 0 |z τ.3 | ||
| 852 | |a INST |b LESVOS |e 20001220 |h 883.4 ΛΟΥ |p 005100029375 |q 005100029375 |t BK |y 0 |z τ.4 | ||
| 852 | |a INST |b LESVOS |e 20001220 |h 883.4 ΛΟΥ |p 005100029376 |q 005100029376 |t BK |y 0 |z τ.5 | ||
| 852 | |a INST |b LESVOS |e 20001220 |h 883.4 ΛΟΥ |p 005100029377 |q 005100029377 |t BK |y 0 |z τ.6 | ||
| 852 | |a INST |b LESVOS |e 20001220 |h 883.4 ΛΟΥ |p 005100029378 |q 005100029378 |t BK |y 0 |z τ.7 | ||
| 852 | |a INST |b LESVOS |e 20001220 |h 883.4 ΛΟΥ |p 005100029379 |q 005100029379 |t BK |y 0 |z τ.8 | ||
| 852 | |a INST |b LESVOS |e 20001220 |h 883.4 ΛΟΥ |p 005100029380 |q 005100029380 |t BK |y 0 |z τ.10 | ||
| 852 | |a INST |b LESVOS |e 20001220 |h 883.4 ΛΟΥ |p 005100029381 |q 005100029381 |t BK |y 0 |z τ.11 | ||
| 852 | |a INST |b LESVOS |e 20001220 |h 883.4 ΛΟΥ |p 005100029382 |q 005100029382 |t BK |y 0 |z τ.12 | ||
| 852 | |a INST |b LESVOS |e 20001220 |h 883.4 ΛΟΥ |p 005100029383 |q 005100029383 |t BK |y 0 |z τ.9 | ||
| 852 | |a INST |b LESVOS |e 20001220 |h 883.4 ΛΟΥ |p 005100029384 |q 005100029384 |t BK |y 0 |z τ.1 | ||
| 852 | |a INST |b LESVOS |e 20001220 |h 883.4 ΛΟΥ |p 005100029362 |q 005100029362 |t BK |v τ.13: |y 0 |z τ.13 | ||
| 852 | |a INST |b LESVOS |e 20001220 |h 883.4 ΛΟΥ |p 005100029363 |q 005100029363 |t BK |v τ.14: |y 0 |z τ.14 | ||
| 852 | |a INST |b LESVOS |e 20001220 |h 883.4 ΛΟΥ |p 005100029364 |q 005100029364 |t BK |v τ.15: |y 0 |z τ.15 | ||
| 852 | |a INST |b LESVOS |e 20001220 |h 883.4 ΛΟΥ |p 005100029365 |q 005100029365 |t BK |v τ.16: |y 0 |z τ.16 | ||
| 852 | |a INST |b LESVOS |e 20001220 |h 883.4 ΛΟΥ |p 005100029366 |q 005100029366 |t BK |v τ.17: |y 0 |z τ.17 | ||
| 852 | |a INST |b LESVOS |e 20001220 |h 883.4 ΛΟΥ |p 005100029373 |q 005100029373 |t BK |v τ.2: |y 0 |z τ.2 | ||
| 852 | |a INST |b LESVOS |e 20001220 |h 883.4 ΛΟΥ |p 005100029374 |q 005100029374 |t BK |v τ.3: |y 0 |z τ.3 | ||
| 852 | |a INST |b LESVOS |e 20001220 |h 883.4 ΛΟΥ |p 005100029375 |q 005100029375 |t BK |v τ.4: |y 0 |z τ.4 | ||
| 852 | |a INST |b LESVOS |e 20001220 |h 883.4 ΛΟΥ |p 005100029376 |q 005100029376 |t BK |v τ.5: |y 0 |z τ.5 | ||
| 852 | |a INST |b LESVOS |e 20001220 |h 883.4 ΛΟΥ |p 005100029377 |q 005100029377 |t BK |v τ.6: |y 0 |z τ.6 | ||
| 852 | |a INST |b LESVOS |e 20001220 |h 883.4 ΛΟΥ |p 005100029378 |q 005100029378 |t BK |v τ.7: |y 0 |z τ.7 | ||
| 852 | |a INST |b LESVOS |e 20001220 |h 883.4 ΛΟΥ |p 005100029379 |q 005100029379 |t BK |v τ.8: |y 0 |z τ.8 | ||
| 852 | |a INST |b LESVOS |e 20001220 |h 883.4 ΛΟΥ |p 005100029380 |q 005100029380 |t BK |v τ.10: |y 0 |z τ.10 | ||
| 852 | |a INST |b LESVOS |e 20001220 |h 883.4 ΛΟΥ |p 005100029381 |q 005100029381 |t BK |v τ.11: |y 0 |z τ.11 | ||
| 852 | |a INST |b LESVOS |e 20001220 |h 883.4 ΛΟΥ |p 005100029382 |q 005100029382 |t BK |v τ.12: |y 0 |z τ.12 | ||
| 852 | |a INST |b LESVOS |e 20001220 |h 883.4 ΛΟΥ |p 005100029383 |q 005100029383 |t BK |v τ.9: |y 0 |z τ.9 | ||
| 852 | |a INST |b LESVOS |e 20001220 |h 883.4 ΛΟΥ |p 005100029384 |q 005100029384 |t BK |v τ.1: |y 0 |z τ.1 | ||
| 853 | |a INST |b LESVOS |h 883.4 ΛΟΥ | ||
| 901 | |a BIBL1-2000-1 | ||
| 909 | |a Λ |b 071975 | ||
| 909 | |a Λ |b 072976 | ||
| 909 | |a Λ |b 072977 | ||
| 909 | |a Λ |b 072978 | ||
| 909 | |a Λ |b 072979 | ||
| 909 | |a Λ |b 072980 | ||
| 909 | |a Λ |b 072981 | ||
| 909 | |a Λ |b 072982 | ||
| 909 | |a Λ |b 072983 | ||
| 909 | |a Λ |b 072984 | ||
| 909 | |a Λ |b 072985 | ||
| 909 | |a Λ |b 072986 | ||
| 909 | |a Λ |b 072987 | ||
| 909 | |a Λ |b 072988 | ||
| 909 | |a Λ |b 072989 | ||
| 909 | |a Λ |b 071990 | ||
| 909 | |a Λ |b 071991 | ||
| 922 | |a 1ΕΛΗ |b 199912 |c ΤΑΚ/ΚΥΒ |d ΠΑΠΑΣΩΤΗΡΙΟΥ | ||
| 950 | |a 023-1999-12-06 | ||
| 970 | |a ΤΖΑΦΕΡΗ |b ΕΥΑΓΓΕΛΙΑ |z 2000/12/20 | ||